Online katalóg knižníc regiónu Turca

Počertená (Record no. 22577)

MARC details
000 -LEADER
fixed length control field 01653cam a2200469 a 4500
001 - CONTROL NUMBER
control field 22577
003 - CONTROL NUMBER IDENTIFIER
control field SK-KTurca
005 - DATE AND TIME OF LATEST TRANSACTION
control field 20260401140700.0
008 - FIXED-LENGTH DATA ELEMENTS--GENERAL INFORMATION
fixed length control field 180601s2013 xr j 010 f slo
015 ## - NATIONAL BIBLIOGRAPHY NUMBER
National bibliography number SNBZSA2014-002375
020 ## - INTERNATIONAL STANDARD BOOK NUMBER
International Standard Book Number 9788074472794
Qualifying information (brož.)
035 ## - SYSTEM CONTROL NUMBER
System control number BD1D5D7D-6A78-4501-972B-E581960BC967
035 ## - SYSTEM CONTROL NUMBER
System control number urn:nbn:sk:snk-am3h5rw
035 ## - SYSTEM CONTROL NUMBER
System control number urn:nbn:sk:snk-am008ydy
040 ## - CATALOGING SOURCE
Original cataloging agency POKPOH
Language of cataloging slo
Transcribing agency POKPOH
Modifying agency SNK
Description conventions AACR2
041 1# - LANGUAGE CODE
Language code of text/sound track or separate title slo
Language code of original eng
044 ## - COUNTRY OF PUBLISHING/PRODUCING ENTITY CODE
MARC country code xr
ISO country code CZ
072 #7 - SUBJECT CATEGORY CODE
Subject category code 821.111(73)-3
Subject category code subdivision Americká próza
Source konspekt
072 #7 - SUBJECT CATEGORY CODE
Subject category code 821-93
Subject category code subdivision Literatúra pre deti a mládež (beletria)
Source konspekt
080 ## - UNIVERSAL DECIMAL CLASSIFICATION NUMBER
Universal Decimal Classification number 821.111(73)-31
Edition identifier 2001
080 ## - UNIVERSAL DECIMAL CLASSIFICATION NUMBER
Universal Decimal Classification number 82-93-053.4/.5
Edition identifier 2011
100 1# - MAIN ENTRY--PERSONAL NAME
Personal name Petroff, Shani
Relationship aut
240 10 - UNIFORM TITLE
Uniform title Bedeviled: love struck
Language of a work Slovensky
245 10 - TITLE STATEMENT
Title Počertená
Name of part/section of a work Zaľúbení až po uši
Statement of responsibility, etc. Shani Petroffová ; preložila Zuzana Lorková
246 30 - VARYING FORM OF TITLE
Title proper/short title Zaľúbení až po uši
250 ## - EDITION STATEMENT
Edition statement 1. slov. vyd.
260 ## - PUBLICATION, DISTRIBUTION, ETC.
Place of publication, distribution, etc. V Prahe
Name of publisher, distributor, etc. CooBoo
Date of publication, distribution, etc. 2013
300 ## - PHYSICAL DESCRIPTION
Extent 237 s.
Dimensions 20 cm
500 ## - GENERAL NOTE
General note Vydalo nakladateľstvo CooBoo v spoločnosti Albatros Media, a. s.
500 ## - GENERAL NOTE
General note Preložené z angličtiny
500 ## - GENERAL NOTE
General note Obsahuje stručné profesijné údaje o autorke
655 #7 - INDEX TERM--GENRE/FORM
Genre/form data or focus term americké romány
Source of term SNKPH
655 #7 - INDEX TERM--GENRE/FORM
Genre/form data or focus term literatúra pre deti
Source of term SNKPH
655 #7 - INDEX TERM--GENRE/FORM
Genre/form data or focus term American fiction
Source of term SNKPHeng
655 #7 - INDEX TERM--GENRE/FORM
Genre/form data or focus term Children's literature
Source of term SNKPHeng
700 1# - ADDED ENTRY--PERSONAL NAME
Personal name Močková Lorková, Zuzana,
Dates associated with a name 1985-
Relationship trl
710 2# - ADDED ENTRY--CORPORATE NAME
Corporate name or jurisdiction name as entry element Albatros Media Slovakia.
Subordinate unit CooBoo
Relationship pbl
752 ## - ADDED ENTRY--HIERARCHICAL PLACE NAME
Country or larger entity Česko
City Praha
787 08 - OTHER RELATIONSHIP ENTRY
Relationship information Zo série:
Title Počertená
Related parts 4
942 ## - ADDED ENTRY ELEMENTS (KOHA)
Source of classification or shelving scheme Dewey Decimal Classification
Koha item type Krásna literatúra pre deti
Suppress in OPAC No
Holdings
Stav vyradenia Strata Poškodenie Spôsob nadobudnutia Domovská knižnica Aktuálna knižnica Dátum nadobudnutia Total checkouts Čiarový kód exemplára Date last seen Typ exemplára
      Dar Obecná knižnica Turčianska Štiavnička Obecná knižnica Turčianska Štiavnička 01.04.2026   4738000906 01.04.2026 Krásna literatúra pre deti
Projekt je podporený Slovenskou asociáciou knižníc
Prevádzkuje Turčianska knižnica Martin 2026